Vegetables Picture Quiz - Statistics

General Stats
  • This quiz has been taken 81 times
  • The average score is 27 of 46
Answer Stats
Picture Answer % Correct
Onion
100%
Potato
100%
Carrot
98%
Corn
97%
Broccoli
91%
Garlic
88%
Sweet Potato
88%
Cauliflower
86%
Cucumber
84%
Raddish
84%
Beet
83%
Pea
83%
Pumpkin
83%
Cabbage
81%
Asparagus
80%
Celery
80%
Eggplant
80%
Lettuce
78%
Kale
70%
Spinach
70%
Bell Pepper
69%
Artichoke
64%
Green Bean
64%
Leek
64%
Okra
61%
Squash
61%
Turnip
61%
Zucchini
55%
Parsnip
53%
Brussels Sprout
50%
Fennel
48%
Chilli Pepper
45%
Yam
44%
Jalapeno
41%
Tulip
41%
Shallot
39%
Green Onion
36%
Broccolini
27%
Bok choy
25%
Rutabaga
20%
Endive
19%
Bamboo Shoot
14%
Daikon
9%
Jicama
8%
Tumeric
6%
Bitter gourd
5%
No matching quizzes found
Score Distribution
Percent of People with Each Score
Percentile by Number Answered
Your Score History
You have not taken this quiz